Normal view
MARC view
- 9th edition.
Entry Uniform Title
001 - CONTROL NUMBER
- control field: 8453
003 - CONTROL NUMBER IDENTIFIER
- control field: NUST
005 - DATE AND TIME OF LATEST TRANSACTION
- control field: 20180116162227.0
008 - FIXED-LENGTH DATA ELEMENTS
- fixed length control field: 180116|| aca||aabn | a|a d
040 ## - CATALOGING SOURCE
- Original cataloging agency: NUST
- Transcribing agency: NUST
130 ## - HEADING--UNIFORM TITLE
- Uniform title: 9th edition.
670 ## - SOURCE DATA FOUND
- Source citation: Work cat.: (NUST)53: Thomas, George B. 55, Calculus and analytic geometry /, 1995.
